000
00217nam a22000857a 4500
008
170527b xxu||||| |||| 00| 0 eng d
100
_9
3144
_a
Dobson. J
245
_a
The Strong Willed Child
260
_a
New York
_b
Tyndak
_c
1978
999
_c
6434
_d
6434